000 01366cad a22002415a 4500
001 L158699
008 120214s2015 xxk f 000 0 eng d
035 _a(Sirsi) u158699
041 0 _aeng
110 2 _aNational Buildings Specification
_95911
240 _aBIM Survey
245 0 0 _aNational BIM report 2015
_h[electronic resource]
260 _a[S.l.]
_bNBS
_c2015
505 2 _aIntroduction -- Completing BIM Level 2 -- BIM Survey summary of findings -- Levels of detail -- Levels of information -- Quality assured the impact of the NBS BIM Object Standard -- Cross-industry support for Level 2 BIM -- Validation employers' information requirements
520 _aShows that BIM adoption is moving from being led by innovators and early adopters, towards being a more mature market, where the more mainstream are investigating and assessing the benefits of doing so. Time, levels of expertise and cost remain barriers to BIM adoption. The report examines the industry?s assessment of the Government?s decision to adopt BIM for centrally-procured government projects.
590 _aKA NTK
650 2 4 _aBUILDING INFORMATION MODELLING
650 2 4 _aBIM
_96219
651 4 _aUnited Kingdom
_y
690 _aBIM
_96219
856 4 0 _uhttps://www.thenbs.com/pdfs/NBS-National-BIM-Report-2015.pdf
_zView the item free of charge at www.thenbs.com
942 _n0
999 _c115462
_d115462